| 000 | nam a22 a 4500 | ||
|---|---|---|---|
| 999 |
_c348751 _d348751 |
||
| 003 | BLK | ||
| 005 | 20200908132310.0 | ||
| 008 | 200224b bu |||||r|||| 00| | bu d | ||
| 020 | _a9789543781676 | ||
| 040 | _aBLK | ||
| 041 |
_aBUL _cBUL |
||
| 080 |
_aНационални малцинства. Оптанти _b323.15 _x(497.2)(0:82-92) _z323.15(497.2)(0:82-92) |
||
| 080 |
_aБългарска литература _b821.163.2 _x-92 _z821.163.2-92 |
||
| 100 |
_9269308 _aАлекова, Елена _eпърви автор |
||
| 139 |
_aАлекова, Елена _bА 50 |
||
| 245 |
_aРодопа е предел _cЕлена Алекова ; встъп. думи Георги Марков. _bПублицистика |
||
| 260 |
_9390817 _aСофия _bИК Тангра ТанНакРа _c2019 _fКостинброд : Мултипринт ООД |
||
| 300 |
_a464 с. _c24 см |
||
| 380 | _a3 | ||
| 490 |
_9207530 _aПоредица Дружба Родина |
||
| 500 | _aПълната форма на името на авт. Елена Алекова е Елена Алекова Христова За автора: с. 461-462 Изд. на Съюз на тракийските д-ва в България, Тракийски науч. институт, ПК "Тракия", Сдружение Дружба "Родина" | ||
| 650 | 0 |
_9272405 _aБългаромохамедани - история |
|
| 650 | 0 |
_9402395 _aИсторическа политика |
|
| 700 |
_9402394 _aМарков, Георги Георгиев _eвстъп. думи |
||
| 942 |
_cKNG _n0 _s1 |
||
| 944 |
_aCR _c2020-02-24 _kВ. Р. |
||
| 999 | _d348751 | ||